|
|
|
|
| LEADER |
01296nam a2200373 a 4500 |
| 001 |
000860821 |
| 003 |
CZ BrMZK |
| 005 |
20230509132417.0 |
| 007 |
ta |
| 008 |
070808s2005 pl a g 000 p pol |
| 020 |
|
|
|a 83-7432-013-3
|q (brož.)
|
| 040 |
|
|
|a BOA001
|b cze
|
| 041 |
1 |
|
|a pol
|h cze
|
| 043 |
|
|
|a e-xr---
|
| 072 |
|
7 |
|a 821.162.3-1
|x Česká poezie
|2 Konspekt
|9 25
|
| 080 |
|
|
|a 821.162.3-1
|2 MRF
|
| 080 |
|
|
|a 82-1-053.2
|2 MRF
|
| 080 |
|
|
|a 82-93
|2 MRF
|
| 080 |
|
|
|a (437.3)
|2 MRF
|
| 080 |
|
|
|a (0:82-1)
|2 MRF
|
| 080 |
|
|
|a (082.21)
|2 MRF
|
| 245 |
0 |
0 |
|a Kdyby wiersze miały drzwi :
|b antologia młodszej poezji czeskiej ostatnich lat /
|c wybór i opracowanie Dalibor Dobiáš
|
| 260 |
|
|
|a Wrocław :
|b ATUT,
|c 2005
|
| 300 |
|
|
|a 263 s. :
|b il. ;
|c 21 cm
|
| 500 |
|
|
|a Přeloženo z češtiny?
|
| 650 |
0 |
7 |
|a literární práce dětí a mládeže
|7 ph118791
|z Česko
|y 20.-21. století
|2 czenas
|
| 650 |
0 |
7 |
|a dětská poezie
|7 ph202218
|z Česko
|y 20.-21. století
|2 czenas
|
| 655 |
|
7 |
|a česká poezie
|7 fd133958
|2 czenas
|
| 655 |
|
7 |
|a antologie
|7 fd131819
|2 czenas
|
| 700 |
1 |
|
|a Dobiáš, Dalibor,
|d 1977-
|7 xx0021638
|4 com
|
| 910 |
|
|
|a BOA001
|b M2-1190.044
|
| 990 |
|
|
|a BK
|
| 991 |
|
|
|b 200708
|
| 996 |
7 |
|
|b 2610317076
|c M2-1190.044
|l MZK
|r Sklad / do 24 hodin
|n 3
|p dar
|w 000860821
|u 000010
|a 1
|e BOA001
|j MZK50
|s A
|